Detalles MARC
| 000 -LEADER |
| fixed length control field |
01628nam a2200397Ii 4500 |
| 001 - CONTROL NUMBER |
| control field |
DIGOVENEG247 |
| 003 - CONTROL NUMBER IDENTIFIER |
| control field |
NyNyDIG |
| 008 - FIXED-LENGTH DATA ELEMENTS--GENERAL INFORMATION |
| fixed length control field |
150928s2015 ck o 000 1 spa d |
| 006 - FIXED-LENGTH DATA ELEMENTS--ADDITIONAL MATERIAL CHARACTERISTICS |
| fixed length control field |
m o d |
| 007 - PHYSICAL DESCRIPTION FIXED FIELD--GENERAL INFORMATION |
| fixed length control field |
cr ||||||||||| |
| 035 ## - SYSTEM CONTROL NUMBER |
| System control number |
(OCoLC)969884006 |
| 040 ## - CATALOGING SOURCE |
| Original cataloging agency |
DGITA |
| Language of cataloging |
eng |
| Description conventions |
rda |
| -- |
pn |
| Transcribing agency |
DGITA |
| 020 ## - INTERNATIONAL STANDARD BOOK NUMBER |
| Canceled/invalid ISBN |
9789580613091 |
| 020 ## - INTERNATIONAL STANDARD BOOK NUMBER |
| Canceled/invalid ISBN |
9580613095 |
| 050 14 - LIBRARY OF CONGRESS CALL NUMBER |
| Classification number |
F1465 eBook |
| 245 00 - TITLE STATEMENT |
| Title |
Popol Vuh : |
| Remainder of title |
las antiguas historias del Quiché / |
| Statement of responsibility, etc. |
Adrián Recinos, traducción del texto original, introducción y notas ; estudio preliminar de Rodrigo Martínez Baracs. |
| 250 ## - EDITION STATEMENT |
| Edition statement |
3a edición. |
| 264 #1 - PRODUCTION, PUBLICATION, DISTRIBUTION, MANUFACTURE, AND COPYRIGHT NOTICE |
| Place of production, publication, distribution, manufacture |
Bogotá, Colombia : |
| Name of producer, publisher, distributor, manufacturer |
Editorial Oveja Negra, |
| Date of production, publication, distribution, manufacture, or copyright notice |
junio 2015. |
| 300 ## - PHYSICAL DESCRIPTION |
| Extent |
1 online resource. |
| 336 ## - CONTENT TYPE |
| Content type term |
text |
| Content type code |
txt |
| Source |
rdacontent |
| 337 ## - MEDIA TYPE |
| Media type term |
computer |
| Media type code |
c |
| Source |
rdamedia |
| 338 ## - CARRIER TYPE |
| Carrier type term |
online resource |
| Carrier type code |
cr |
| Source |
rdacarrier |
| 588 0# - SOURCE OF DESCRIPTION NOTE |
| Source of description note |
Online resource; title from PDF title page (Digitalia, viewed September 28, 2015) |
| 650 #0 - SUBJECT ADDED ENTRY--TOPICAL TERM |
| Topical term or geographic name entry element |
Quiché Indians |
| General subdivision |
History. |
| 650 #0 - SUBJECT ADDED ENTRY--TOPICAL TERM |
| Topical term or geographic name entry element |
Quiché Indians |
| General subdivision |
Religion. |
| 650 #0 - SUBJECT ADDED ENTRY--TOPICAL TERM |
| Topical term or geographic name entry element |
Quiché mythology. |
| 655 #0 - INDEX TERM--GENRE/FORM |
| Genre/form data or focus term |
Electronic books. |
| 700 1# - ADDED ENTRY--PERSONAL NAME |
| Personal name |
Recinos, Adrián, |
| Dates associated with a name |
1886-1962, |
| Relator term |
translator, |
| -- |
contributor agent of text. |
| 700 1# - ADDED ENTRY--PERSONAL NAME |
| Personal name |
Martínez Baracs, Rodrigo, |
| Relator term |
contributor agent of text. |
| 791 2# - |
| -- |
Digitalia (Firm), |
| -- |
distributor. |
| 793 0# - |
| -- |
Digitalia eBook Collection: |
| -- |
Editorial Oveja Negra. |
| 776 08 - ADDITIONAL PHYSICAL FORM ENTRY |
| Relationship information |
Print version: |
| Title |
Popol Vuh : las antiguas historias del Quiché. |
| Place, publisher, and date of publication |
Bogotá : Editorial Oveja Negra, 2015. |
| International Standard Book Number |
9789580613091 |
| 856 40 - ELECTRONIC LOCATION AND ACCESS |
| Materials specified |
Digitalia Hispánica |
| Uniform Resource Identifier |
<a href="https://www.digitaliapublishing.com/a/37796/">https://www.digitaliapublishing.com/a/37796/</a> |
| 910 ## - USER-OPTION DATA (OCLC) |
| User-option data |
Premium Collection: 2015 |
| 942 ## - ADDED ENTRY ELEMENTS (KOHA) |
| Koha item type |
Recurso Electrónico |